Cycles in government securities,I:federal debt and its ownership (Record no. 480830)

000 -LEADER
fixed length control field 00503cam a22001577a 4500
008 - FIXED-LENGTH DATA ELEMENTS--GENERAL INFORMATION
fixed length control field 180718b1962 xxu||||| |||| 00| 0 eng d
082 ## - DEWEY DECIMAL CLASSIFICATION NUMBER
Classification number L3x73 N213
100 ## - MAIN ENTRY--PERSONAL NAME
Personal name Michael, E. Levy
245 ## - TITLE STATEMENT
Title Cycles in government securities,I:federal debt and its ownership
Statement of responsibility, etc. by E. Levy Michael
260 ## - PUBLICATION, DISTRIBUTION, ETC.
Place of publication, distribution, etc. New York
Name of publisher, distributor, etc. National Industrial Conference Board
Date of publication, distribution, etc. 1962
300 ## - PHYSICAL DESCRIPTION
Extent 182p.
500 ## - GENERAL NOTE
General note $3.,00
650 ## - SUBJECT ADDED ENTRY--TOPICAL TERM
Topical term or geographic name entry element Government Bonds - USA
650 ## - SUBJECT ADDED ENTRY--TOPICAL TERM
Topical term or geographic name entry element Debt --USA
700 ## - ADDED ENTRY--PERSONAL NAME
Personal name National Industrial Conference Board
Holdings
Withdrawn status Lost status Damaged status Not for loan Permanent Location Current Location Date acquired Full call number Barcode Date last seen Price effective from Koha item type
        Indian Institute of Public Administration Indian Institute of Public Administration 2018-08-04 L3x73 N213 GR5159 2018-08-04 2018-08-04 GR

Powered by Koha